MARC

LEADER 00000nam0a2200000 4500
001 265022
005 20231101233902.0
020 |a RU  |b 88-77312 
035 |a (RuTPU)RU\TPU\book\288020 
090 |a 265022 
100 |a 20140623d1988 m y0rusy5003 ca 
101 0 |a rus 
102 |a RU 
105 |a y j 001zy 
200 1 |a Организация анализа и управления ВЦ  |e учебное пособие  |f Г. Н. Бурлак, Н. П. Горшков, С. А. Охрименко  |g Московский экономико-статистический институт (МЭСИ) 
210 |a Москва  |c МЭСИ  |d 1988 
215 |a 84 с.  |d 20 см 
320 |a Библиогр.: с. 82-83 (30 назв.). 
606 1 |a Вычислительные центры  |x Анализ хозяйственной деятельности  |2 stltpush  |3 (RuTPU)RU\TPU\subj\4476  |9 32745 
610 1 |a информационно-вычислительное обслуживание 
610 1 |a предприятия 
610 1 |a хозяйственная деятельность 
610 1 |a экономика 
610 1 |a экономическое развитие 
610 1 |a социальное развитие 
610 1 |a экономический анализ 
610 1 |a учебные пособия 
675 |a 681.3.006.3(075.8)  |z rus  |v 3 
700 1 |a Бурлак  |b Г. Н.  |g Галина Николаевна  |4 070 
701 1 |a Горшков  |b Н. П.  |g Николай Петрович 
701 1 |a Охрименко  |b С. А.  |g Сергей Антонович 
712 0 2 |a Московский экономико-статистический институт (МЭСИ)  |c (1948-1996)  |2 stltpush  |3 (RuTPU)RU\TPU\col\19221 
801 0 |a RU  |b RuMRKP  |c 19950417  |g psbo 
801 1 |a RU  |b 63413507  |c 20140623 
801 2 |a RU  |b 63413507  |c 20150202  |g RCR 
942 |c BK